00548nam a2200133 i 4500001000300000245015900003260004900162300003600211040000800247041000800255080001200263008004100275856009800316bg 0aGazownictwo i technika sanitarna w okresie 1919-1959, oraz perspektywy ich rozwoju i postępu technicznego. Materiały Jubileuszowego Zjazdu Naukowego... aWarszawa :bWydawn. Czas. Techn. NOT,c1960. as. 122, nlb. 1 :btab., ilustr. cBPK apol a696+697 s pl f |000 0 pol  uhttp://koha.tu.koszalin.pl/cgi-bin/koha/opac-detail.pl?biblionumber=27202yKatalog online BPK